00465 2200145 4500001002100000008004100021035002000062245008900082100001900171260003100190300002000221082001100241650005400252990001300306INLIS000000000000647 ind  a0010-0322000647 aPENGENALAN AKIDAH UNTUK MENANAMKAN AKIDAH ISLAMIAYAH YANG KUAT SEJAK USIA DINIcIKHA aGIBRAN MAULANA aSURABAYAbCV CAHAYA AGENCY a32 hlm.c27 cm. a297.38 aAQIDAH MENURUT ALIRAN DAN SEKTE-SEKTE DALAM ISLAM a102869-1